Involvement CFOs in the sustainability business

Salvato in:
Dettagli Bibliografici
Autore principale: Budinská, Lucia, 1990-
Natura: Capitolo di libro
Lingua:inglese
Soggetti:
Tags: Aggiungi Tag
Nessun Tag, puoi essere il primo ad aggiungerne!!

MARC

LEADER 00000nla a2200000 4500
001 0223818
005 20240502083556.7
041 0 |a eng 
044 |a RS 
245 1 0 |a Involvement CFOs in the sustainability business  |c Lucia Budinská 
610 2 0 |a podnikanie 
610 2 0 |a firmy 
610 2 0 |a rozvoj trvalo udržateľný 
610 2 0 |a stratégia podnikateľská 
610 2 0 |a manažment finančný 
100 1 |a Budinská, Lucia, 1990-